zpět

Detail výsledku týmu

Záležitost - Žižkov, Praha

Datum a čas kvízu

40 Celkem bodů Celkový počet nahraných bodů na tomto kvízu bez doplňovacích otázek.
3. Pořadí na kvízu Konečné umístění týmu na tomto kvízu.

Zaznamenané odpovědi

# Otázka Odpověď Body Výsledky
1. Vláda minulý týden představila... úkol 0
2. Minulý týden bylo rozhodnuto o... Julian Assange 1
3. Jedna z hlavních postav animov... (Buzz) Rakeťák 1
4. Společnost Apple následovala m... Ulož.to 1
5. Basketbalová NBA již zná svého... Golden State Warriors 1
6. V následujících pěti otázkách... Uprchlík; Harrison Ford, Tommy Lee Jones 0
7. Francouzská komedie Drž hubu!... Ruby, Quentin 1
8. V roce 2013 byl natočen životo... James Hunt, Niki Lauda 1
9. Ve dvou na sebe navazujících k... Kamila Magálová, Oldřich Kaiser 0
10. Jak se jmenují dva herečtí pře... Jiří Macháček, Marek Taclík 1